000 00742nam a2200253Ia 4500
003 OSt
005 20220928111445.0
006 a|||||r|||| 00| 0
007 ta
008 220927b |||||||| |||| 00| 0 eng d
020 _cINR 550.00
024 _a137852
037 _b111, 15/03/2018, Eastern Media
_cTextual
040 _aSDCL
_cSDCL
_beng
041 _2eng
_aeng
082 _aO-,3MAR, Q1 LR
100 _aMartin George RR
_9423746
245 0 _aGame of thrones
_b A song of ice and fire
260 _aLondon
_bHarper Voyager
_c2011
300 _a801p.
_ccm.
650 _aReference
942 _hO-,3MAR, Q1 LR
_cTEXL
_2CC
999 _c740296
_d740296